| 000 | 00628nam a2200217 u 4500 | ||
|---|---|---|---|
| 005 | 20210223132431.0 | ||
| 008 | 140827s2004 cl r 000 0 spa d | ||
| 020 | _a9580480303 | ||
| 035 | _aUPN01000199195 | ||
| 049 | _aI | ||
| 050 | 4 |
_aBL900 _bH6.7 |
|
| 100 | 1 |
_aHoyos Ayala, Héctor _936079 |
|
| 245 | 1 | 4 |
_aLos siete mejores cuentos celtas / _cselec. y adap. Hector Hoyos ; il. Davida Niño. |
| 260 |
_aBogotá : _bNorma, _c2004. |
||
| 300 |
_a53 p. : _bil. |
||
| 440 | 4 | _aLos siete mejores cuentos | |
| 650 | 4 |
_aMITOLOGIA CELTA _912700 |
|
| 650 | 4 |
_aLEYENDAS CELTAS _912699 |
|
| 905 | _aInfantil | ||
| 999 |
_c171296 _d171296 |
||